Top 30 Most Culturally Diverse US Cities - Statistics

General Stats
  • This quiz has been taken 241 times
  • The average score is 10 of 30
Answer Stats
Overall Rank Cultural Diversity Score City % Correct
6 90.9 New York, NY
99%
19 85 Los Angeles, CA
95%
11 87.06 San Francisco, CA
86%
29 83.17 Houston, TX
82%
20 84.82 Boston, MA
81%
16 85.69 San Diego, CA
78%
8 89.61 San Jose, CA
61%
13 86.71 North Las Vegas, NV
58%
17 85.61 Sacramento, CA
53%
7 89.68 Oakland, CA
52%
21 84.3 Orlando, FL
52%
23 84.22 Long Beach, CA
33%
12 86.85 Providence, RI
32%
1 95.88 Jersey City, NJ
31%
30 83.02 New Haven, CT
26%
15 86.34 Bridgeport, CT
17%
22 84.29 Stamford, CT
11%
28 83.23 Lowell, MA
5%
4 92.59 Silver Spring, MD
5%
18 85.22 Paradise, NV
4%
3 93.4 Gaithersburg, MD
3%
10 87.65 Kent, WA
3%
26 83.82 Lynn, MA
3%
24 84.09 Renton, WA
3%
9 87.94 Rockville, MD
3%
2 94.22 Germantown, MD
2%
5 91.03 Spring Valley, NV
1%
25 83.91 Clifton, NJ
0%
14 86.52 Enterprise, NV
0%
27 83.57 Sunrise Manor, NV
0%
No matching quizzes found
Score Distribution
Percent of People with Each Score
Percentile by Number Answered
Your Score History
You have not taken this quiz